טוען...
Hitler's lies: an answer to Hitler's Mein Kampf
| מחבר ראשי: | |
|---|---|
| פורמט: | Printed Book |
| שפה: | English |
| יצא לאור: |
Mumbai:
Jaico Publishing house,
2011.
|
| LEADER | 00524nam a22001457a 4500 | ||
|---|---|---|---|
| 008 | 150919b xxu||||| |||| 00| 0 eng d | ||
| 020 | |a 9788184950700 | ||
| 082 | |a 320.533 HAR/H | ||
| 100 | |a Harand, Irene | ||
| 245 | |a Hitler's lies: an answer to Hitler's Mein Kampf | ||
| 260 | |a Mumbai: |b Jaico Publishing house, |c 2011. | ||
| 300 | |a 284p.: | ||
| 942 | |c BK | ||
| 999 | |c 150344 |d 150344 | ||
| 952 | |0 0 |1 0 |4 0 |6 320_533000000000000_HAR_H |7 0 |9 160688 |a MCJ |b MCJ |c ST1 |d 2015-09-19 |i 2965 |l 2 |o 320.533 HAR/H |p MCJ2965 |r 2019-11-04 |s 2019-07-05 |w 2015-09-19 |y BK | ||